| 000 | 01430nac a22002891u 4500 | ||
|---|---|---|---|
| 010 | _a 2006015056 | ||
| 020 | _a1599043556 (hardcover : alk. paper) | ||
| 020 | _a1599043564 (softcover : alk. paper) | ||
| 020 | _a1599043572 (ebook : alk. paper) | ||
| 082 | 0 | 0 |
_a371.334 _bNET |
| 090 |
_c6246 _d6246 |
||
| 100 | _aNeto, Francisco Miltons [ed.] | ||
| 245 | 0 | 0 |
_aAdvances in computer-supported learning / _cFrancisco Milton Mendes Neto and Francisco Brasileiro, editors. |
| 260 |
_aHershey PA : _bInformation Science Pub.,c.2006. _cc.2006. |
||
| 300 | _ap. cm. | ||
| 500 | _aDistributer: Academic BookShop. | ||
| 504 | _aIncludes bibliographical references and index. | ||
| 511 | _aCatalogued By: Mahitab. | ||
| 520 | _a"This book clarifies the new technologies, applications, and research in computer-supported learning. It helps students, teachers, and researchers gain a larger understanding of this field and the trends that are driving computer-supported learning forward"--Provided by publisher. | ||
| 650 | 0 | _aComputer-assisted instruction. | |
| 650 | 0 | _aEducational technology. | |
| 650 | 0 | _aInternet in education. | |
| 700 | 1 |
_aBrasileiro, Francisco, _d1965- |
|
| 856 | 4 | 1 |
_3Table of contents only _uhttp://www.loc.gov/catdir/toc/ecip0613/2006015056.html |
| 942 |
_cBB _k371.334NET |
||
| 999 |
_c6246 _d6246 |
||